[Event "FIDE Olympiad Disabilties 2020"]
[Site "Online"]
[Date "2020.11.21"]
[Round "4.22"]
[White "Alam, Khorshed"]
[Black "Nazirah, Shamsudin"]
[Result "1-0"]
[WhiteElo "2065"]
[BlackElo "542"]
[Annotator "TA"]
[PlyCount "57"]
[EventDate "2020.11.21"]
[EventType "team-tourn"]
[EventCountry "NET"]
[SourceTitle "playchess.com"]
[Source "ChessBase"]
[SourceQuality "1"]
[WhiteTeam "Bangladesh"]
[WhiteTeamCountry "BAN"]

1. d4 d5 2. Nf3 Nc6 3. g3 Nf6 4. Bg2 e6 5. O-O Bd6 6. c4 e5 7. cxd5 Nxd5 8. dxe5 Bxe5 9. Nxe5 Nxe5 10. Qxd5 Qxd5 11. Bxd5 O-O 12. Nc3 c6 13. Bg2 Bg4 14. h3 Bf5 15. Bf4 Rfe8 16. e4 Bg6 17. Bxe5 Rxe5 18. f4 Rc5 19. f5 Rd8 20. fxg6 hxg6 21. Rad1 Re8 22. Rd7 Rb8 23. Rfxf7 Kh7 24. Rxg7+ Kh6 25. h4 g5 26. Bh3 b5 27. Bf5 gxh4 28. gxh4 b4 29. Rh7# 1-0

[Event "FIDE Olympiad Disabilties 2020"]
[Site "Online"]
[Date "2020.11.21"]
[Round "4.22"]
[White "Sarkar, Bappi"]
[Black "Tarmizi, Muhd Tareq Shadir"]
[Result "1-0"]
[WhiteElo "1808"]
[BlackElo "785"]
[Annotator "NA RC"]
[PlyCount "63"]
[EventDate "2020.11.21"]
[EventType "team-tourn"]
[EventCountry "NET"]
[SourceTitle "playchess.com"]
[Source "ChessBase"]
[SourceQuality "1"]
[WhiteTeam "Bangladesh"]
[WhiteTeamCountry "BAN"]

1. e4 c5 2. Nf3 e6 3. d4 cxd4 4. Nxd4 Nf6 5. Bd3 Be7 6. O-O O-O 7. Nc3 d6 8. Be3 a6 9. f4 Qc7 10. Kh1 b5 11. Nf3 Bb7 12. e5 Ng4 13. Bd4 Nc6 14. Be4 d5 15. Bd3 Nxd4 16. Nxd4 Ne3 17. Qh5 g6 18. Qh6 Nxf1 19. Rxf1 Bc5 20. Nf3 d4 21. Ng5 f5 22. Nxe6 Bxg2+ 23. Kxg2 Qc6+ 24. Be4 Qxe6 25. Bd5 Qxd5+ 26. Nxd5 Rf7 27. Nf6+ Kh8 28. Rf3 Raa7 29. Rh3 a5 30. Qxg6 Rg7 31. Rxh7+ Rxh7 32. Qg8# 1-0

[Event "FIDE Olympiad Disabilties 2020"]
[Site "Online"]
[Date "2020.11.21"]
[Round "4.22"]
[White "Amiruddin, Amirul Iman"]
[Black "Marufa Azad, Sukanna"]
[Result "0-1"]
[WhiteElo "875"]
[BlackElo "1164"]
[Annotator "NA RC"]
[PlyCount "88"]
[EventDate "2020.11.21"]
[EventType "team-tourn"]
[EventCountry "NET"]
[SourceTitle "playchess.com"]
[Source "ChessBase"]
[SourceQuality "1"]
[BlackTeam "Bangladesh"]
[BlackTeamCountry "BAN"]

1. d4 Nf6 2. Bf4 d5 3. e3 e6 4. Nf3 c5 5. c3 Nc6 6. Be2 cxd4 7. cxd4 Bb4+ 8. Nbd2 O-O 9. O-O h6 10. a3 Bd6 11. Bxd6 Qxd6 12. h3 Bd7 13. Rc1 a6 14. Nb3 b6 15. Qd3 Rfe8 16. Rc2 e5 17. dxe5 Nxe5 18. Nxe5 Rxe5 19. Nd2 Bxh3 20. f4 Bf5 21. e4 Bxe4 22. Nxe4 Rxe4 23. Qd2 b5 24. g3 Rae8 25. Re1 g5 26. fxg5 Qxg3+ 27. Kf1 Rf4+ 28. Bf3 Rxf3+ 29. Qf2 Rxf2+ 30. Rxf2 Rxe1+ 31. Kxe1 Ne4 32. Kd1 Qxf2 33. Kc1 h5 34. Kb1 h4 35. Ka2 h3 36. Kb3 h2 37. Kb4 h1=Q 38. Ka5 Qd2+ 39. Kxa6 Nc5+ 40. Kb6 Na4+ 41. Kc7 Qhh2+ 42. Kd8 Qa5+ 43. Ke7 Qe5+ 44. Kd7 Qac7# 0-1

[Event "FIDE Olympiad Disabilties 2020"]
[Site "Online"]
[Date "2020.11.21"]
[Round "4.22"]
[White "Suharman, Muhd Adib Rusydan"]
[Black "Husain, Ejaz"]
[Result "0-1"]
[WhiteElo "575"]
[BlackElo "1952"]
[Annotator "TA"]
[PlyCount "80"]
[EventDate "2020.11.21"]
[EventType "team-tourn"]
[EventCountry "NET"]
[SourceTitle "playchess.com"]
[Source "ChessBase"]
[SourceQuality "1"]
[BlackTeam "Bangladesh"]
[BlackTeamCountry "BAN"]

1. e4 c5 2. Nf3 e6 3. d4 cxd4 4. Nxd4 a6 5. Bd3 Nf6 6. Nc3 Qc7 7. O-O Nc6 8. Nf3 Be7 9. g3 d6 10. Re1 O-O 11. Bf4 e5 12. Bg5 Be6 13. b3 Nb4 14. Bc4 Bxc4 15. bxc4 Qxc4 16. Nd5 Nfxd5 17. exd5 f6 18. Bf4 Nxd5 19. Be3 Nxe3 20. Rxe3 Rac8 21. Rc1 d5 22. Nh4 d4 23. Re4 f5 24. Rxe5 Bxh4 25. gxh4 d3 26. Re7 Qxh4 27. Qxd3 Qxe7 28. Kh1 Qe4+ 29. Qxe4 fxe4 30. Kg2 b6 31. Kf1 e3 32. Ke2 exf2 33. Rf1 Rxc2+ 34. Kd1 Rxa2 35. Kc1 Ra1+ 36. Kd2 Rxf1 37. Ke3 Re1+ 38. Kd4 Rc8 39. Kd3 f1=Q+ 40. Kd2 Qe2# 0-1

[Event "FIDE Olympiad Disabilties 2020"]
[Site "Online"]
[Date "2020.11.21"]
[Round "4.23"]
[White "Gelman, Gennadiy"]
[Black "Cabrera Sosa, Marco Vinicio"]
[Result "1-0"]
[WhiteElo "1919"]
[BlackElo "1364"]
[Annotator "TA"]
[PlyCount "52"]
[EventDate "2020.11.21"]
[EventType "team-tourn"]
[EventCountry "NET"]
[SourceTitle "playchess.com"]
[Source "ChessBase"]
[SourceQuality "1"]
[WhiteTeam "Azerbaijan"]
[BlackTeam "Costa Rica"]
[WhiteTeamCountry "AZE"]
[BlackTeamCountry "CRI"]

1. b3 d5 2. e3 c5 3. c4 d4 4. exd4 Qxd4 5. Nc3 Nc6 6. Nf3 Qd8 7. d3 Nf6 8. Bf4 e6 9. Nb5 e5 10. Nxe5 Bd6 11. Nxc6 bxc6 12. Nxd6+ Kf8 13. Be2 Be6 14. O-O h6 15. Ne4 Nd7 16. Bd6+ Kg8 17. Nxc5 Nxc5 18. Bxc5 Qc7 19. Qd2 Rd8 20. Qe3 Rd7 21. f4 g6 22. Qe5 Qd8 23. Rad1 Kh7 24. Bb4 Rg8 25. Bc3 g5 26. Qe4+ Rg6 1-0

[Event "FIDE Olympiad Disabilties 2020"]
[Site "Online"]
[Date "2020.11.21"]
[Round "4.23"]
[White "Telles, Rigoberto"]
[Black "Shahpalangov, Aydin"]
[Result "0-1"]
[WhiteElo "1307"]
[BlackElo "1945"]
[Annotator "TA"]
[PlyCount "104"]
[EventDate "2020.11.21"]
[EventType "team-tourn"]
[EventCountry "NET"]
[SourceTitle "playchess.com"]
[Source "ChessBase"]
[SourceQuality "1"]
[WhiteTeam "Costa Rica"]
[BlackTeam "Azerbaijan"]
[WhiteTeamCountry "CRI"]
[BlackTeamCountry "AZE"]

1. e4 c5 2. Nf3 a6 3. Bc4 e6 4. c3 d5 5. exd5 exd5 6. Bb3 Be6 7. O-O Bd6 8. d4 Ne7 9. Bg5 Nbc6 10. Nbd2 O-O 11. Re1 Qb6 12. Rb1 cxd4 13. cxd4 Nxd4 14. Be3 Nxf3+ 15. Nxf3 Bc5 16. Bxc5 Qxc5 17. Rc1 Qb6 18. Nd4 Nf5 19. Nxf5 Bxf5 20. Qxd5 Bg6 21. Re7 Rad8 22. Rd7 Rxd7 23. Qxd7 Qb4 24. g3 h6 25. Kg2 Qe4+ 26. Kg1 Bf5 27. Qd5 Qg4 28. Qd6 Be4 29. Qf4 Qg6 30. Rc7 Bc6 31. Bxf7+ Rxf7 32. Qxf7+ Qxf7 33. Rxf7 Kxf7 34. Kf1 Kf6 35. Ke2 Kf5 36. Kd3 Kg4 37. Kc4 Kf3 38. b4 Kxf2 39. b5 axb5+ 40. Kc5 Kg2 41. Kd6 Kxh2 42. Ke5 Kxg3 43. Kf5 g5 44. Kf6 Kf4 45. Kg6 g4 46. Kh5 g3 47. Kxh6 g2 48. Kg7 g1=Q+ 49. Kf6 Qg5+ 50. Ke6 Qe5+ 51. Kf7 Bd5+ 52. Kg6 Qg5+ 0-1

[Event "FIDE Olympiad Disabilties 2020"]
[Site "Online"]
[Date "2020.11.21"]
[Round "4.24"]
[White "Afraoui, Solenn"]
[Black "Altinok, Kerim Osman"]
[Result "0-1"]
[WhiteElo "1889"]
[BlackElo "1565"]
[Annotator "NA RC"]
[PlyCount "102"]
[EventDate "2020.11.21"]
[EventType "team-tourn"]
[EventCountry "NET"]
[SourceTitle "playchess.com"]
[Source "ChessBase"]
[SourceQuality "1"]
[WhiteTeam "France"]
[BlackTeam "Turkey"]
[WhiteTeamCountry "FRA"]
[BlackTeamCountry "TUR"]

1. e4 c6 2. d4 d5 3. exd5 cxd5 4. Bd3 Nc6 5. c3 Nf6 6. Bf4 Bg4 7. Qb3 Qc8 8. Nd2 e6 9. Ngf3 Be7 10. O-O O-O 11. Rae1 Bh5 12. Ne5 Nxe5 13. dxe5 Nd7 14. Qc2 Bg6 15. Bxg6 hxg6 16. Qd3 g5 17. Bg3 g6 18. h3 Kg7 19. Nf3 Nc5 20. Qe3 Ne4 21. Nd2 Bc5 22. Qd3 Nxg3 23. Qxg3 Qd8 24. Nf3 Be7 25. Rd1 Rc8 26. Rd4 b5 27. Rg4 Rc4 28. Rxc4 bxc4 29. Rd1 Rh8 30. Rd2 Rh5 31. Qg4 Qa5 32. a3 Qb6 33. Nd4 Rh4 34. Qf3 Re4 35. Qg3 Re1+ 36. Kh2 Rb1 37. Nf3 Rxb2 38. Rd4 Ra2 39. Nxg5 Qb2 40. Qf4 Qxf2 41. Qxf2 Rxf2 42. Nf3 Ra2 43. Rd1 Rxa3 44. Rb1 Rb3 45. Ra1 Bc5 46. Rc1 a5 47. Ng5 a4 48. Rf1 Rb7 49. h4 a3 50. Kg3 a2 51. Nf3 Rb1 0-1

[Event "FIDE Olympiad Disabilties 2020"]
[Site "Online"]
[Date "2020.11.21"]
[Round "4.24"]
[White "Moulin, Marie"]
[Black "Erten, Ozlem"]
[Result "1-0"]
[WhiteElo "1579"]
[BlackElo "1138"]
[Annotator "NA RC"]
[PlyCount "41"]
[EventDate "2020.11.21"]
[EventType "team-tourn"]
[EventCountry "NET"]
[SourceTitle "playchess.com"]
[Source "ChessBase"]
[SourceQuality "1"]
[WhiteTeam "France"]
[BlackTeam "Turkey"]
[WhiteTeamCountry "FRA"]
[BlackTeamCountry "TUR"]

1. d4 c6 2. c4 d5 3. Nf3 Bg4 4. Ne5 Nf6 5. Bg5 Bh5 6. cxd5 Qxd5 7. Nc3 Qa5 8. Qb3 b6 9. e3 Nbd7 10. Bxf6 Nxf6 11. Nxc6 Qf5 12. Bb5 Nd7 13. Ne5 Rd8 14. Nxd7 Rxd7 15. Bxd7+ Qxd7 16. Qb5 Qxb5 17. Nxb5 a5 18. O-O e6 19. Rac1 Bb4 20. Rc8+ Ke7 21. Rxh8 1-0

[Event "FIDE Olympiad Disabilties 2020"]
[Site "Online"]
[Date "2020.11.21"]
[Round "4.24"]
[White "Altinok, Selim Eyup"]
[Black "Vasquez, Georges"]
[Result "1-0"]
[WhiteElo "1536"]
[BlackElo "1871"]
[Annotator "NA RC"]
[PlyCount "81"]
[EventDate "2020.11.21"]
[EventType "team-tourn"]
[EventCountry "NET"]
[SourceTitle "playchess.com"]
[Source "ChessBase"]
[SourceQuality "1"]
[WhiteTeam "Turkey"]
[BlackTeam "France"]
[WhiteTeamCountry "TUR"]
[BlackTeamCountry "FRA"]

1. Nf3 Nf6 2. d4 g6 3. c4 Bg7 4. Nc3 O-O 5. e4 d6 6. Be2 e5 7. O-O Nc6 8. d5 Ne7 9. Ne1 Nd7 10. Nd3 f5 11. f3 f4 12. Bd2 g5 13. b4 Nf6 14. c5 Ne8 15. Rc1 Kh8 16. Qb3 Ng8 17. Rc2 Ngf6 18. Rfc1 Bd7 19. cxd6 cxd6 20. Nf2 h5 21. Nb5 g4 22. fxg4 hxg4 23. Nc7 Nxc7 24. Rxc7 Rb8 25. b5 Ne8 26. R7c2 Qh4 27. g3 Qh5 28. a4 Bh6 29. a5 Rf7 30. Bf1 Rh7 31. gxf4 Bxf4 32. Bxf4 exf4 33. Qb2+ Kg8 34. Nd3 f3 35. Nf4 Qh6 36. Nd3 g3 37. hxg3 Qh1+ 38. Kf2 Nf6 39. Qxf6 Rf8 40. Qg5+ Kh8 41. e5 1-0

[Event "FIDE Olympiad Disabilties 2020"]
[Site "Online"]
[Date "2020.11.21"]
[Round "4.24"]
[White "Solak, Yusuf"]
[Black "Martinat, Jonathan"]
[Result "1-0"]
[WhiteElo "1531"]
[BlackElo "1257"]
[Annotator "NA RC"]
[PlyCount "35"]
[EventDate "2020.11.21"]
[EventType "team-tourn"]
[EventCountry "NET"]
[SourceTitle "playchess.com"]
[Source "ChessBase"]
[SourceQuality "1"]
[WhiteTeam "Turkey"]
[BlackTeam "France"]
[WhiteTeamCountry "TUR"]
[BlackTeamCountry "FRA"]

1. e4 g6 2. d4 Bg7 3. Nf3 d6 4. Bc4 c6 5. O-O Nf6 6. Nc3 b5 7. Bb3 b4 8. Na4 Nxe4 9. Qe1 d5 10. Qxb4 O-O 11. Nc5 Bf5 12. Ne5 Bxe5 13. dxe5 Nd7 14. Nxe4 Bxe4 15. Bh6 Re8 16. Qc3 Qc7 17. e6 fxe6 18. Qg7# 1-0

[Event "FIDE Olympiad Disabilties 2020"]
[Site "Online"]
[Date "2020.11.21"]
[Round "4.25"]
[White "Khishigbayar, Mijgee"]
[Black "Talikadze, Leri"]
[Result "1-0"]
[WhiteElo "1847"]
[BlackElo "1162"]
[Annotator "NA RC"]
[PlyCount "147"]
[EventDate "2020.11.21"]
[EventType "team-tourn"]
[EventCountry "NET"]
[SourceTitle "playchess.com"]
[Source "ChessBase"]
[SourceQuality "1"]
[WhiteTeam "Mongolia"]
[BlackTeam "Georgia"]
[WhiteTeamCountry "MGL"]
[BlackTeamCountry "GEO"]

1. d4 Nf6 2. c4 e6 3. Nc3 d5 4. Bg5 c6 5. e3 Be7 6. Bd3 Nbd7 7. Nge2 Qa5 8. Bh4 O-O 9. O-O dxc4 10. Bxc4 b5 11. Bd3 Bb7 12. a3 a6 13. Rc1 Rac8 14. Bb1 Rfd8 15. f3 c5 16. Qc2 Nf8 17. Rfd1 cxd4 18. exd4 Ng6 19. Bf2 b4 20. axb4 Qxb4 21. Be1 Qa5 22. Qb3 Bd5 23. Nxd5 Qxd5 24. Qa4 Qb5 25. Qxb5 axb5 26. Ba5 Rf8 27. Bb6 Nd7 28. Bc7 Nf6 29. Bb6 Nd7 30. Bc7 Nf6 31. Bxg6 hxg6 32. Be5 Nd7 33. Bg3 b4 34. d5 exd5 35. Rxd5 Nf6 36. Rdd1 Rfe8 37. Kf1 Kf8 38. Nd4 Bc5 39. Nb3 Be3 40. Bd6+ Kg8 41. Rxc8 Rxc8 42. Rd3 Bb6 43. Bxb4 Rc2 44. Rd2 Rc4 45. Bc3 Nh5 46. g3 Nf6 47. Rd6 Bc7 48. Rd3 Kf8 49. Nd2 Ra4 50. Kg2 Ke7 51. Re3+ Kd7 52. Rd3+ Ke7 53. Nb3 Rc4 54. Bxf6+ gxf6 55. Rc3 Rxc3 56. bxc3 Kd6 57. Kf2 Bb6+ 58. Ke2 Bg1 59. h3 Bh2 60. g4 Ke5 61. Kf2 f5 62. Nd4 Kd5 63. gxf5 g5 64. Ke3 Bf4+ 65. Kd3 Be5 66. Nc2 Bc7 67. Ne3+ Ke5 68. c4 Kf4 69. c5 Kxf3 70. Ng4 Kf4 71. Nh6 Kg3 72. Nxf7 Kf4 73. Nd6 Kg3 74. f6 1-0

[Event "FIDE Olympiad Disabilties 2020"]
[Site "Online"]
[Date "2020.11.21"]
[Round "4.27"]
[White "Stroe, Constantin"]
[Black "Mbaziira Wasswa Sharif"]
[Result "1/2-1/2"]
[WhiteElo "1917"]
[BlackElo "1362"]
[Annotator "TA"]
[PlyCount "96"]
[EventDate "2020.11.21"]
[EventType "team-tourn"]
[EventCountry "NET"]
[SourceTitle "playchess.com"]
[Source "ChessBase"]
[SourceQuality "1"]
[WhiteTeam "Romania"]
[BlackTeam "Uganda"]
[WhiteTeamCountry "ROU"]
[BlackTeamCountry "UGA"]

1. d4 e6 2. Bf4 d5 3. e3 Nf6 4. Bd3 Bd6 5. Bg3 Nc6 6. f4 O-O 7. Nf3 Ne4 8. Bxe4 dxe4 9. Nfd2 f5 10. O-O Bd7 11. Nc4 Be7 12. Be1 b5 13. Ncd2 Nb4 14. Nc3 a6 15. a3 Nd5 16. Nxd5 exd5 17. b3 c5 18. c3 cxd4 19. cxd4 Rc8 20. b4 Qb6 21. Nb3 Rc7 22. Nc5 Rfc8 23. Qb3 Be6 24. Bd2 Bf7 25. Ra2 Rd8 26. a4 Ra7 27. Rfa1 Be8 28. axb5 Bxb5 29. Ra5 g5 30. Qa2 gxf4 31. exf4 Bf6 32. Bc3 Rd6 33. Kh1 Bg7 34. Qb1 Rg6 35. Qd1 Qf6 36. Rxb5 axb5 37. Rxa7 Qh4 38. Ra8+ Bf8 39. Nd7 Qh6 40. Rxf8+ Kg7 41. Re8 Qxf4 42. Ne5 Rh6 43. Qg1 e3 44. g3 Qe4+ 45. Qg2 Qb1+ 46. Qg1 Qe4+ 47. Qg2 Qb1+ 48. Qg1 Qe4+ 1/2-1/2

[Event "FIDE Olympiad Disabilties 2020"]
[Site "Online"]
[Date "2020.11.21"]
[Round "4.28"]
[White "Funes Arroyo, Carlos Alberto"]
[Black "Mendoza Lainez, Ricardo Jose"]
[Result "1-0"]
[WhiteElo "1636"]
[BlackElo "1137"]
[Annotator "NA RC"]
[PlyCount "77"]
[EventDate "2020.11.21"]
[EventType "team-tourn"]
[EventCountry "NET"]
[SourceTitle "playchess.com"]
[Source "ChessBase"]
[SourceQuality "1"]
[WhiteTeam "Spain"]
[BlackTeam "Nicaragua"]
[WhiteTeamCountry "ESP"]
[BlackTeamCountry "NCA"]

1. Nf3 d5 2. d3 Nf6 3. Nbd2 Bf5 4. g3 Nbd7 5. Bg2 e6 6. O-O Bd6 7. e4 dxe4 8. dxe4 Bg4 9. Re1 O-O 10. c4 b6 11. Qc2 Nc5 12. e5 Nh5 13. exd6 Qxd6 14. Ng5 g6 15. Bxa8 Rxa8 16. Nde4 Bf5 17. Nxd6 Bxc2 18. Ngxf7 cxd6 19. Nxd6 Rf8 20. Bh6 Rd8 21. Nb5 Ne4 22. Nc7 Rd6 23. Rac1 Bd3 24. Ne8 Rd8 25. Nc7 Nhf6 26. Nxe6 Rd6 27. Ng5 Nxg5 28. Bxg5 Ng4 29. Re8+ Kg7 30. Rc3 Bf5 31. Rd8 Re6 32. Rd7+ Kf8 33. Rd8+ Kf7 34. c5 Re1+ 35. Kg2 Be4+ 36. Rf3+ Bxf3+ 37. Kxf3 Nxh2+ 38. Kf4 bxc5 39. Rc8 1-0

[Event "FIDE Olympiad Disabilties 2020"]
[Site "Online"]
[Date "2020.11.21"]
[Round "4.28"]
[White "Leyton Calderon, Jairo Oswaldo"]
[Black "Bonilla, Julio Cesar"]
[Result "1-0"]
[WhiteElo "1526"]
[BlackElo "1261"]
[Annotator "NA RC"]
[PlyCount "57"]
[EventDate "2020.11.21"]
[EventType "team-tourn"]
[EventCountry "NET"]
[SourceTitle "playchess.com"]
[Source "ChessBase"]
[SourceQuality "1"]
[WhiteTeam "Nicaragua"]
[BlackTeam "Colombia"]
[WhiteTeamCountry "NCA"]
[BlackTeamCountry "COL"]

1. c4 c5 2. g3 Nc6 3. Bg2 g6 4. e4 Bg7 5. Ne2 Nf6 6. Nbc3 O-O 7. O-O d6 8. d3 Bd7 9. h3 Nd4 10. Be3 Bc6 11. Nxd4 cxd4 12. Bxd4 Nd7 13. Bxg7 Kxg7 14. b4 b6 15. a4 a5 16. b5 Bb7 17. d4 f5 18. Nd5 e6 19. Nc3 fxe4 20. Bxe4 Bxe4 21. Nxe4 Nf6 22. Qe2 d5 23. cxd5 exd5 24. Nxf6 Qxf6 25. Qe5 Rae8 26. Qxf6+ Rxf6 27. Rfe1 Rxe1+ 28. Rxe1 Rc6 29. bxc6 1-0

[Event "FIDE Olympiad Disabilties 2020"]
[Site "Online"]
[Date "2020.11.21"]
[Round "4.29"]
[White "Almulla, Mohammed A.r."]
[Black "Boke, Ivini"]
[Result "0-1"]
[WhiteElo "2023"]
[BlackElo "1213"]
[Annotator "TA"]
[PlyCount "48"]
[EventDate "2020.11.21"]
[EventType "team-tourn"]
[EventCountry "NET"]
[SourceTitle "playchess.com"]
[Source "ChessBase"]
[SourceQuality "1"]
[WhiteTeam "United Arab Emirates"]
[WhiteTeamCountry "UAE"]

1. e4 e6 2. Bc4 d5 3. exd5 exd5 4. Qe2+ Be7 5. Bb5+ c6 6. Ba4 Nf6 7. Nf3 O-O 8. O-O Bd6 9. d4 Re8 10. Qd3 Ne4 11. Bg5 Nxg5 12. Nxg5 Qxg5 13. c4 dxc4 14. Qxc4 Bh3 15. g3 b5 16. Bb3 bxc4 17. Bxc4 Bxf1 18. Kxf1 Qc1+ 19. Kg2 Qxb2 20. Nc3 Qxc3 21. Rd1 Qxc4 22. h4 Re2 23. Rf1 Qxd4 24. Kf3 Qe4# 0-1

[Event "FIDE Olympiad Disabilties 2020"]
[Site "Online"]
[Date "2020.11.21"]
[Round "5.1"]
[White "Smirnov, Alexey"]
[Black "von Erichsen, Annegret"]
[Result "1-0"]
[WhiteElo "2436"]
[BlackElo "1998"]
[Annotator "TA"]
[PlyCount "49"]
[EventDate "2020.11.21"]
[EventType "team-tourn"]
[EventCountry "NET"]
[SourceTitle "playchess.com"]
[Source "ChessBase"]
[SourceQuality "1"]
[WhiteTeam "Russia"]
[BlackTeam "Germany"]
[WhiteTeamCountry "RUS"]
[BlackTeamCountry "GER"]

1. d4 Nf6 2. c4 e6 3. Nf3 b6 4. a3 Bb7 5. Nc3 Be7 6. d5 exd5 7. cxd5 O-O 8. e4 Re8 9. Bd3 a5 10. O-O Na6 11. e5 Nxd5 12. Nxd5 Bxd5 13. Bxh7+ Kxh7 14. Qxd5 Nc5 15. Qxf7 Ne6 16. Be3 Rf8 17. Qh5+ Kg8 18. Rad1 d6 19. Qg6 Nf4 20. Bxf4 Rxf4 21. exd6 Bxd6 22. Ng5 Rf6 23. Qh7+ Kf8 24. Qh8+ Ke7 25. Qxg7+ 1-0

[Event "FIDE Olympiad Disabilties 2020"]
[Site "Online"]
[Date "2020.11.21"]
[Round "5.1"]
[White "Babarykin, Stanislav"]
[Black "Braun, Georg"]
[Result "1/2-1/2"]
[WhiteElo "2387"]
[BlackElo "2375"]
[Annotator "TA"]
[PlyCount "137"]
[EventDate "2020.11.21"]
[EventType "team-tourn"]
[EventCountry "NET"]
[SourceTitle "playchess.com"]
[Source "ChessBase"]
[SourceQuality "1"]
[WhiteTeam "Russia"]
[BlackTeam "Germany"]
[WhiteTeamCountry "RUS"]
[BlackTeamCountry "GER"]

1. d4 Nf6 2. Bf4 g6 3. Nc3 d5 4. Qd2 c6 5. f3 b5 6. a3 Nh5 7. Bh6 Bxh6 8. Qxh6 Qa5 9. Ra2 Nd7 10. e3 Qc7 11. Nge2 e5 12. Ra1 Qd6 13. Kf2 f5 14. Ng3 Nhf6 15. dxe5 Nxe5 16. Qf4 Bd7 17. Qb4 Ke7 18. Qxd6+ Kxd6 19. Be2 a5 20. Rhd1 b4 21. Na4 Rhb8 22. b3 c5 23. Nb2 Ke6 24. Nf1 Bc6 25. Nd2 a4 26. Nxa4 Bxa4 27. bxa4 Rxa4 28. Nb3 Kd6 29. axb4 Rbxb4 30. c3 Rxa1 31. cxb4 Rxd1 32. bxc5+ Kc6 33. Bxd1 Nd3+ 34. Ke2 Nxc5 35. Nd4+ Kd6 36. h3 Ne6 37. Nxe6 Kxe6 38. Kd3 g5 39. Kd4 f4 40. e4 dxe4 41. fxe4 Ne8 42. e5 Ng7 43. Ke4 h6 44. h4 Ke7 45. hxg5 hxg5 46. Be2 Kf7 47. Bg4 Ke7 48. Kd4 Ne8 49. Ke4 Ng7 50. Kd5 Ne8 51. Bh3 Ng7 52. e6 Nh5 53. Ke5 Ng3 54. Bg4 Nf1 55. Kf5 Ne3+ 56. Kxg5 Nxg2 57. Bf3 Ne3 58. Kxf4 Nc4 59. Bd5 Nd6 60. Ke5 Ne8 61. Be4 Ng7 62. Bf5 Ne8 63. Be4 Nc7 64. Bd5 Nb5 65. Bc4 Nc7 66. Bb3 Na6 67. Bc4 Nc7 68. Bd5 Nxe6 69. Bxe6 1/2-1/2

[Event "FIDE Olympiad Disabilties 2020"]
[Site "Online"]
[Date "2020.11.21"]
[Round "5.1"]
[White "Eichstaedt, Mirko"]
[Black "Kaydanovich, Marina"]
[Result "1-0"]
[WhiteElo "2236"]
[BlackElo "1734"]
[Annotator "NA RC"]
[PlyCount "117"]
[EventDate "2020.11.21"]
[EventType "team-tourn"]
[EventCountry "NET"]
[SourceTitle "playchess.com"]
[Source "ChessBase"]
[SourceQuality "1"]
[WhiteTeam "Germany"]
[BlackTeam "Russia"]
[WhiteTeamCountry "GER"]
[BlackTeamCountry "RUS"]

1. d4 d5 2. c4 e6 3. Nf3 Nf6 4. Nc3 c6 5. Qb3 Qb6 6. c5 Qxb3 7. axb3 Na6 8. Bf4 b5 9. e3 Nb4 10. Kd2 Be7 11. Ne5 Nd7 12. Nd3 Nxd3 13. Bxd3 O-O 14. Ra2 a6 15. h4 Bb7 16. h5 h6 17. g4 f6 18. Raa1 e5 19. Bg3 e4 20. Be2 Rfe8 21. f4 Nf8 22. Bh4 Nh7 23. Nd1 Kh8 24. Nf2 Bc8 25. Kc2 Ra7 26. Nd1 Bd8 27. Nc3 Rf7 28. Na2 Ba5 29. Be1 Bxe1 30. Rhxe1 Ra7 31. Nb4 Bb7 32. Ra5 Rea8 33. Rea1 Nf8 34. Kd2 Ne6 35. Bf1 Nc7 36. Bh3 Rf8 37. Rg1 Raa8 38. Ke2 Rad8 39. Raa1 Rf7 40. Kf2 Kg8 41. Kg3 Kf8 42. Kh4 Ke7 43. Rgf1 Rdf8 44. Nc2 Bc8 45. Nb4 Bb7 46. Kg3 Ke8 47. Nc2 Ke7 48. Ne1 Bc8 49. Ng2 Rd8 50. Nh4 Ke8 51. Ng6 Ne6 52. g5 fxg5 53. Bxe6 Bxe6 54. Rxa6 gxf4+ 55. Rxf4 Rxf4 56. Kxf4 Rc8 57. Ne5 Bd7 58. Ra7 Rd8 59. Rc7 1-0

[Event "FIDE Olympiad Disabilties 2020"]
[Site "Online"]
[Date "2020.11.21"]
[Round "5.1"]
[White "Dorner, Matthias"]
[Black "Palin, Denis"]
[Result "0-1"]
[WhiteElo "2172"]
[BlackElo "2110"]
[Annotator "TA"]
[PlyCount "102"]
[EventDate "2020.11.21"]
[EventType "team-tourn"]
[EventCountry "NET"]
[SourceTitle "playchess.com"]
[Source "ChessBase"]
[SourceQuality "1"]
[WhiteTeam "Germany"]
[BlackTeam "Russia"]
[WhiteTeamCountry "GER"]
[BlackTeamCountry "RUS"]

1. d4 e6 2. c3 d5 3. Bf4 Bd6 4. Bg3 Nf6 5. Nd2 O-O 6. e3 c5 7. Bd3 b6 8. Ngf3 Bb7 9. Ne5 Nc6 10. f4 Ne7 11. Qf3 Nf5 12. O-O Be7 13. Rae1 Nd6 14. Bh4 Nfe4 15. Bxe7 Qxe7 16. Qe2 Nxd2 17. Qxd2 f6 18. Ng4 a5 19. Qc2 g6 20. Rf3 Ne4 21. Nf2 Nxf2 22. Qxf2 f5 23. h3 Ba6 24. Bxa6 Rxa6 25. g4 c4 26. Kh2 b5 27. Rg1 b4 28. h4 Kh8 29. Rh3 fxg4 30. Rxg4 Rf5 31. Qg3 bxc3 32. bxc3 Qa3 33. Qe1 Rb6 34. Rg2 Rb2 35. Rhg3 Qxa2 36. e4 Rxf4 37. exd5 Rxh4+ 38. Kg1 Qb1 39. Re3 Qxe1+ 40. Rxe1 Rxg2+ 41. Kxg2 exd5 42. Ra1 Kg7 43. Rxa5 Rh5 44. Kf3 Rf5+ 45. Kg3 h5 46. Ra7+ Kh6 47. Rd7 Kg5 48. Rd8 h4+ 49. Kg2 Kg4 50. Rd6 g5 51. Rd8 h3+ 0-1

[Event "FIDE Olympiad Disabilties 2020"]
[Site "Online"]
[Date "2020.11.21"]
[Round "5.2"]
[White "Kishan, Gangolli"]
[Black "Dukaczewski, Piotr"]
[Result "1/2-1/2"]
[WhiteElo "2128"]
[BlackElo "2163"]
[Annotator "TA"]
[PlyCount "61"]
[EventDate "2020.11.21"]
[EventType "team-tourn"]
[EventCountry "NET"]
[SourceTitle "playchess.com"]
[Source "ChessBase"]
[SourceQuality "1"]
[WhiteTeam "India"]
[BlackTeam "Poland"]
[WhiteTeamCountry "IND"]
[BlackTeamCountry "POL"]

1. d4 d5 2. c4 dxc4 3. Nf3 a6 4. a4 Nf6 5. e3 e6 6. Bxc4 c5 7. O-O Nc6 8. Qe2 cxd4 9. Rd1 Be7 10. exd4 Nb4 11. Nc3 O-O 12. Ne5 Nfd5 13. Be3 b6 14. Nxd5 exd5 15. Bd3 Nxd3 16. Nc6 Qd6 17. Nxe7+ Qxe7 18. Rxd3 Bf5 19. Rc3 Qb4 20. Qd2 a5 21. Rc6 Qxd2 22. Bxd2 Rab8 23. b4 axb4 24. Bxb4 Rfc8 25. Rxc8+ Rxc8 26. a5 bxa5 27. Bxa5 h6 28. Bd2 Rc2 29. Be3 Bd3 30. Rc1 Rxc1+ 31. Bxc1 1/2-1/2